Statistics for States of Malaysia

Click here to take the quiz!

General Stats

  • This quiz has been taken 10 times
  • The average score is 14 of 16

Answer Stats

CapitalState% Correct
Johor BahruJohor
100%
George TownPenang
100%
KangarPerlis
100%
Kota KinabaluSabah
100%
KuchingSarawak
100%
Alor SetarKedah
86%
Kota BharuKelantan
86%
Malacca CityMalacca
86%
SerembanNegeri Sembilan
86%
KuantanPahang
86%
IpohPerak
86%
Shah AlamSelangor
86%
Kuala TerengganuTerengganu
86%
Kuala LumpurKuala Lumpur
71%
PutrajayaPutrajaya
71%
VictoriaLabuan
43%

Score Distribution

Percentile by Number Answered

Percent of People with Each Score

Your Score History

You have not taken this quiz